000 00752nam a2200229Ia 4500
003 GCL
008 140319s9999 xx 000 0 ara d
040 _aGCL /
_cGCL
082 0 4 _a382.956
_bهـ ت
100 1 _aعزالدين فودة (تقديم)
245 1 0 _aتاريخ التجارة فى الشرق الادنى فى العصور الوسطى /
_cعزالدين فودة (تقديم)
700 1 _aهايد، ف
700 1 _aاحمد محمد رضا
260 _a[S.N] :
_bالهيئة المصرية العامة للكتاب ،
_c1985
300 _aمتعدد
490 _a
650 0 4 _aالعالم العربى
650 0 4 _aتاريخ
650 0 4 _aالتجارة
650 0 4 _aالعصور الوسطى
942 _2ddc
_cBK
999 _c34455
_d34455